000 00435nam a2200157Ia 4500
003 Ost
005 20260225132538.0
008 260225s9999||||xx |||||||||||||| ||und||
040 _cfsic
041 _afre
082 _a327.73
100 _aFrançois joncen
_eAuteur
245 0 _aLa police de l'audio visuel :
245 0 _banalyse comparée de la régulation de la radio et de la télévision /
_cFrançois joncen
942 _cكتاب
999 _c33354
_d33354